Quản lý dự án xây dựng

Quyển sách gồm 4 chương trình bày các vấn đề về tổ chức dự án xây dựng; quản lý dự án xây dựng; lựa chọn nhà thầu trong hoạt động xây dựng; chất lượng và quản lý chất lượng công trình xây dựng...

ver descrição completa

Na minha lista:
Detalhes bibliográficos
Autor principal: Trịnh, Quốc Thắng
Formato: Livro
Idioma:Undetermined
Publicado em: Hà Nội Khoa học Kỹ thuật 2006
Assuntos:
Tags: Adicionar Tag
Sem tags, seja o primeiro a adicionar uma tag!
Thư viện lưu trữ: Trung tâm Học liệu Trường Đại học Cần Thơ
LEADER 00966nam a2200229Ia 4500
001 CTU_56997
008 210402s9999 xx 000 0 und d
020 |b 56000 
020 |c 38000 
082 |a 338.47624 
082 |b Th106 
100 |a Trịnh, Quốc Thắng 
245 0 |a Quản lý dự án xây dựng 
245 0 |c Trịnh Quốc Thắng 
260 |a Hà Nội 
260 |b Khoa học Kỹ thuật 
260 |c 2006 
520 |a Quyển sách gồm 4 chương trình bày các vấn đề về tổ chức dự án xây dựng; quản lý dự án xây dựng; lựa chọn nhà thầu trong hoạt động xây dựng; chất lượng và quản lý chất lượng công trình xây dựng 
650 |a Construction industry,Industrial project management 
650 |x Management 
904 |i Năm 
980 |a Trung tâm Học liệu Trường Đại học Cần Thơ